Capitals AND Countries That Start With V - Statistics

General Stats
  • This quiz has been taken 7,502 times
  • The average score is 9 of 11
Answer Stats
Answer % Correct
Country Venezuela
96%
Country Vanuatu
94%
Country Vatican City
91%
Capital Vatican City
91%
Country Vietnam
91%
Capital Vaduz
80%
Capital Vilnius
79%
Capital Vienna
78%
Capital Valletta
72%
Capital Vientiane
72%
Capital Victoria
59%
No matching quizzes found
Score Distribution
Percent of People with Each Score
Percentile by Number Answered
Your Score History
You have not taken this quiz